ENGINEERING MECHANICS STATICS AND DYNAMICS (Record no. 18312)

MARC details
000 -LEADER
fixed length control field 00369nam a22001577a 4500
003 - CONTROL NUMBER IDENTIFIER
control field SGT
020 ## - INTERNATIONAL STANDARD BOOK NUMBER
International Standard Book Number 9788177581232
082 ## - DEWEY DECIMAL CLASSIFICATION NUMBER
Classification number 620.1,SHA
100 ## - MAIN ENTRY--PERSONAL NAME
Personal name SHAMES,LRVING.H.
245 ## - TITLE STATEMENT
Title ENGINEERING MECHANICS STATICS AND DYNAMICS
250 ## - EDITION STATEMENT
Edition statement 4TH
260 ## - PUBLICATION, DISTRIBUTION, ETC. (IMPRINT)
Place of publication, distribution, etc NOIDA(UP)
Name of publisher, distributor, etc PEARSON
Year of Publication 2019
300 ## - PAGE DESCRIPTION
No. of Pages 840
650 ## - SUBJECT ADDED ENTRY--TOPICAL TERM
Topical term or geographic name as entry element MECHANICAL ENGINEERING
942 ## - ADDED ENTRY ELEMENTS (KOHA)
Source of classification or shelving scheme Dewey Decimal Classification
Koha item type Books
942 ## - ADDED ENTRY ELEMENTS (KOHA)
-- 1
Holdings
Withdrawn status Lost status Source of classification or shelving scheme Damaged status Not for loan Collection code Home library Current library Shelving location Date acquired Vendor Name Cost, normal purchase price SGTU Bill Number Total Checkouts Full call number Accession No. (Barcode) Date last seen Bill Date Koha item type Date last borrowed
    Dewey Decimal Classification     ENGINEERING SGT Engineering Library SGT Engineering Library Text Book 17/06/2019 KIRTI PRAKASHAN 889.00 SGTU IN3557   620.1,SHA FE7351 17/06/2019 09/04/2019 Books  
    Dewey Decimal Classification     ENGINEERING SGT Engineering Library SGT Engineering Library Text Book 17/06/2019 KIRTI PRAKASHAN 889.00 SGTU IN3557   620.1,SHA FE7352 17/06/2019 09/04/2019 Books  
    Dewey Decimal Classification     ENGINEERING SGT Engineering Library SGT Engineering Library Text Book 17/06/2019 KIRTI PRAKASHAN 889.00 SGTU IN3557   620.1,SHA FE7353 17/06/2019 09/04/2019 Books  
    Dewey Decimal Classification     ENGINEERING SGT Engineering Library SGT Engineering Library Text Book 17/06/2019 KIRTI PRAKASHAN 889.00 SGTU IN3557   620.1,SHA FE7354 17/06/2019 09/04/2019 Books  
    Dewey Decimal Classification     ENGINEERING SGT Engineering Library SGT Engineering Library Text Book 17/06/2019 KIRTI PRAKASHAN 889.00 SGTU IN3557   620.1,SHA FE7355 17/06/2019 09/04/2019 Books  
    Dewey Decimal Classification     ENGINEERING SGT Engineering Library SGT Engineering Library Text Book 17/06/2019 KIRTI PRAKASHAN 889.00 SGTU IN3557 1 620.1,SHA FE7356 16/08/2024 09/04/2019 Books 16/08/2024
    Dewey Decimal Classification     ENGINEERING SGT Engineering Library SGT Engineering Library Text Book 17/06/2019 KIRTI PRAKASHAN 889.00 SGTU IN3557   620.1,SHA FE7357 17/06/2019 09/04/2019 Books  
    Dewey Decimal Classification     ENGINEERING SGT Engineering Library SGT Engineering Library Text Book 17/06/2019 KIRTI PRAKASHAN 889.00 SGTU IN3557   620.1,SHA FE7358 17/06/2019 09/04/2019 Books